000 01085cam a2200301 i 4500
001 12556
003 Mx-PuUPA
005 20241105132315.0
008 140415s2022 uk a fr 000 0 eng d
020 _a9781784728113
040 _aMx-PuUPA
_cMx-PuUPA
_bspa
_dMx-PuUPA
_erda
041 0 _aeng
110 2 _aAmerican Horticultural Society
245 1 0 _aEncyclopedia of gardening techniques /
_cAmerican Horticultural Society ; editors David J. Ellis, Fiona Gilsenan, Rita Pelczar [y otro]
264 1 _aLondon :
_bMitchell Beazley,
_c2022
336 _2rdacontent
_atexto
_btxt
337 _2rdamedia
_asin medio
_bn
338 _2rdacarrier
_avolumen
_bnc
650 7 _2armarc
_913986
_aJardinería
_vEnciclopedias
650 7 _2armarc
_aJardinería
_vManuales, etc.,
700 1 _aEllis, David J.,
_eeditor
700 1 _aGilsenan, Fiona,
_eeditor
700 1 _aPelczar, Rita,
_eeditor
942 _2ddc
_cLI
_h635.03
_iE56
999 _c12556
_d12556